000 00566nam a22001817a 4500
999 _c21
_d21
005 20181018072914.0
008 181018b xve||||| |||| 00| | esp d
020 _a978-980-6129-73-3
040 _aFEVP
_cFEVP
041 _aspa
092 _a630
110 _aINSTITUTO NACIONAL DE NUTRICIÓN
245 _aLucha de los pueblos, revolución y soberanía alimentaria /
_b(ensayos necesarios)
260 _aCaracas, Venezuela :
_bFondo Editorial Gente de Maíz,
_c2013.
300 _a207pp
650 _atecnología, ciencias aplicadas - agricultura
942 _2ddc
_cLIB